Drawing : (Record no. 5877)
[ view plain ]
| 000 -LEADER | |
|---|---|
| fixed length control field | 01680cam a22003734a 4500 |
| 001 - CONTROL NUMBER | |
| control field | 13885274 |
| 005 - DATE AND TIME OF LATEST TRANSACTION | |
| control field | 20260429154501.0 |
| 008 - FIXED-LENGTH DATA ELEMENTS--GENERAL INFORMATION | |
| fixed length control field | 050228s2005 nyua b 001 0 eng |
| 035 ## - SYSTEM CONTROL NUMBER | |
| System control number | 13885274 |
| 010 ## - LIBRARY OF CONGRESS CONTROL NUMBER | |
| LC control number | 2005005862 |
| 020 ## - INTERNATIONAL STANDARD BOOK NUMBER | |
| International Standard Book Number | 0810992388 |
| Qualifying information | permanent paper |
| 020 ## - INTERNATIONAL STANDARD BOOK NUMBER | |
| International Standard Book Number | 9780810992382 |
| Qualifying information | (permanent paper) |
| 035 ## - SYSTEM CONTROL NUMBER | |
| System control number | (OCoLC)58432198 |
| 040 ## - CATALOGING SOURCE | |
| Original cataloging agency | DLC |
| Transcribing agency | DLC |
| Modifying agency | YDX |
| -- | BAKER |
| -- | VP@ |
| -- | DLC |
| 050 00 - LIBRARY OF CONGRESS CALL NUMBER | |
| Classification number | NC730 |
| Item number | .M46 2005 |
| 082 00 - DEWEY DECIMAL CLASSIFICATION NUMBER | |
| Classification number | 741.2 |
| Edition number | 22 |
| 100 1# - MAIN ENTRY--PERSONAL NAME | |
| Personal name | Micklewright, Keith, |
| Dates associated with a name | 1933- |
| 9 (RLIN) | 15863 |
| 245 10 - TITLE STATEMENT | |
| Title | Drawing : |
| Remainder of title | mastering the language of visual expression / |
| Statement of responsibility, etc. | Keith Mickelwright. |
| 260 ## - PUBLICATION, DISTRIBUTION, ETC. | |
| Place of publication, distribution, etc. | New York : |
| Name of publisher, distributor, etc. | Harry N. Abrams, |
| Date of publication, distribution, etc. | 2005. |
| 300 ## - PHYSICAL DESCRIPTION | |
| Extent | 168 p. : |
| Other physical details | ill. (some col.) ; |
| Dimensions | 26 cm. |
| 336 ## - CONTENT TYPE | |
| Content type term | text |
| Content type code | txt |
| Source | rdacontent |
| 337 ## - MEDIA TYPE | |
| Media type term | unmediated |
| Media type code | n |
| Source | rdamedia |
| 338 ## - CARRIER TYPE | |
| Carrier type term | volume |
| Carrier type code | nc |
| Source | rdacarrier |
| 440 #0 - SERIES STATEMENT/ADDED ENTRY--TITLE | |
| Title | Abrams studio |
| 9 (RLIN) | 15864 |
| 504 ## - BIBLIOGRAPHY, ETC. NOTE | |
| Bibliography, etc. note | Includes bibliographical references (p. 164) and index. |
| 650 #0 - SUBJECT ADDED ENTRY--TOPICAL TERM | |
| Topical term or geographic name entry element | Drawing |
| General subdivision | Technique. |
| 9 (RLIN) | 15132 |
| 650 #0 - SUBJECT ADDED ENTRY--TOPICAL TERM | |
| Topical term or geographic name entry element | Communication in art. |
| 9 (RLIN) | 15865 |
| 856 42 - ELECTRONIC LOCATION AND ACCESS | |
| Materials specified | Publisher description |
| Uniform Resource Identifier | <a href="http://www.loc.gov/catdir/enhancements/fy0630/2005005862-d.html">http://www.loc.gov/catdir/enhancements/fy0630/2005005862-d.html</a> |
| 906 ## - LOCAL DATA ELEMENT F, LDF (RLIN) | |
| a | 7 |
| b | cbc |
| c | orignew |
| d | 1 |
| e | ecip |
| f | 20 |
| g | y-gencatlg |
| 925 0# - | |
| -- | acquire |
| -- | 1 shelf copy |
| -- | policy default |
| 925 1# - | |
| -- | acquire |
| -- | 2 shelf copies |
| -- | policy default |
| 955 ## - COPY-LEVEL INFORMATION (RLIN) | |
| -- | jk22 (jh34) 2005-03-03 to SL |
| -- | jh09 to Dewey 2005-03-07 |
| -- | yy07 2006-09-22 C. 2 to BCCD |
| -- | jh32 2006-08-23 Z-CipVer; |
| -- | jh32 2006-08-23 to BCCD |
| 999 ff - SYSTEM CONTROL NUMBERS (KOHA) | |
| -- | 5662c3bf-7f47-5be7-8b4b-8fd67bb214fe |
| -- | 76a4747d-c9a3-490c-90e2-24469b89d611 |
No items available.
